[Event "ODJM B 2024"]
[Site "Willingen GER"]
[Date "2024.05.23"]
[Round "7"]
[White "Göb, Franziska"]
[Black "Rodriguez, Philipp"]
[Result "0-1"]
[Termination "normal"]
[Board "38"]
[WhiteElo "1602"]
[BlackElo "1663"]
[WhiteClock "00:15:12"]
[BlackClock "00:32:09"]
[PlyCount "112"]
[WhiteFideId "16293177"]
[BlackFideId "34659170"]
[EventCountry "GER"]
[EventRounds "9"]
[EventType "swiss"]
[EventDate "2024.05.18"]

1. e4 {[%clk 01:30:59]} {[%emt 00:00:01]} c5 {[%clk 01:30:54]} {[%emt
00:00:07]} 2. Nf3 {[%clk 01:31:24]} {[%emt 00:00:04]} d6 {[%clk 01:31:20]}
{[%emt 00:00:05]} 3. Bb5+ {[%clk 01:31:48]} {[%emt 00:00:06]} Bd7 {[%clk
01:31:44]} {[%emt 00:00:06]} 4. Bxd7+ {[%clk 01:32:12]} {[%emt 00:00:06]} Nxd7
{[%clk 01:32:09]} {[%emt 00:00:05]} 5. c4 {[%clk 01:31:51]} {[%emt 00:00:51]}
g6 {[%clk 01:31:46]} {[%emt 00:00:53]} 6. Nc3 {[%clk 01:30:15]} {[%emt
00:02:06]} Bg7 {[%clk 01:32:07]} {[%emt 00:00:09]} 7. d3 {[%clk 01:28:22]}
{[%emt 00:02:23]} Ngf6 {[%clk 01:26:26]} {[%emt 00:06:11]} 8. O-O {[%clk
01:26:02]} {[%emt 00:02:50]} O-O {[%clk 01:26:43]} {[%emt 00:00:12]} 9. h3
{[%clk 01:25:53]} {[%emt 00:00:39]} a6 {[%clk 01:21:26]} {[%emt 00:05:47]} 10.
Be3 {[%clk 01:18:30]} {[%emt 00:07:53]} Rb8 {[%clk 01:19:10]} {[%emt 00:02:46]}
11. Qd2 {[%clk 01:10:22]} {[%emt 00:08:38]} b5 {[%clk 01:16:14]} {[%emt
00:03:26]} 12. a3 {[%clk 01:05:22]} {[%emt 00:05:30]} bxc4 {[%clk 01:09:54]}
{[%emt 00:06:50]} 13. dxc4 {[%clk 01:05:12]} {[%emt 00:00:40]} Rb3 {[%clk
01:09:41]} {[%emt 00:00:43]} 14. Qc2 {[%clk 00:55:35]} {[%emt 00:10:07]} Qb6
{[%clk 01:04:43]} {[%emt 00:05:28]} 15. Bc1 {[%clk 00:52:25]} {[%emt 00:03:40]}
Qb8 {[%clk 00:59:16]} {[%emt 00:05:58]} 16. Nd2 {[%clk 00:46:09]} {[%emt
00:06:46]} Rb7 {[%clk 00:59:06]} {[%emt 00:00:39]} 17. Qa4 {[%clk 00:41:09]}
{[%emt 00:05:30]} Qc7 {[%clk 00:54:32]} {[%emt 00:05:04]} 18. Qc2 {[%clk
00:33:46]} {[%emt 00:07:53]} Ne5 {[%clk 00:50:53]} {[%emt 00:04:10]} 19. f4
{[%clk 00:29:37]} {[%emt 00:04:39]} Nc6 {[%clk 00:48:59]} {[%emt 00:02:24]} 20.
Ne2 {[%clk 00:26:16]} {[%emt 00:03:50]} Rfb8 {[%clk 00:45:39]} {[%emt
00:03:51]} 21. Rb1 {[%clk 00:24:13]} {[%emt 00:02:33]} Nd7 {[%clk 00:40:48]}
{[%emt 00:05:21]} 22. Nf3 {[%clk 00:23:06]} {[%emt 00:01:37]} Rb3 {[%clk
00:36:14]} {[%emt 00:05:04]} 23. Nd2 {[%clk 00:21:20]} {[%emt 00:02:15]} R3b6
{[%clk 00:35:30]} {[%emt 00:01:16]} 24. Nf3 {[%clk 00:19:09]} {[%emt 00:02:40]}
Qb7 {[%clk 00:35:26]} {[%emt 00:00:34]} 25. Nc3 {[%clk 00:18:22]} {[%emt
00:01:17]} Nd4 {[%clk 00:30:24]} {[%emt 00:05:31]} 26. Nxd4 {[%clk 00:17:02]}
{[%emt 00:01:50]} Bxd4+ {[%clk 00:30:48]} {[%emt 00:00:06]} 27. Kh1 {[%clk
00:17:09]} {[%emt 00:00:23]} Rb3 {[%clk 00:30:26]} {[%emt 00:00:52]} 28. Nd5
{[%clk 00:14:38]} {[%emt 00:03:01]} e6 {[%clk 00:29:01]} {[%emt 00:01:55]} 29.
Nc3 {[%clk 00:11:07]} {[%emt 00:04:01]} Bxc3 {[%clk 00:29:21]} {[%emt
00:00:10]} 30. bxc3 {[%clk 00:11:31]} {[%emt 00:00:06]} Rxb1 {[%clk 00:29:43]}
{[%emt 00:00:08]} 31. Kg1 {[%clk 00:11:30]} {[%emt 00:00:32]} Qb3 {[%clk
00:29:54]} {[%emt 00:00:18]} 32. Qd2 {[%clk 00:11:24]} {[%emt 00:00:35]} Rb6
{[%clk 00:29:39]} {[%emt 00:00:45]} 33. e5 {[%clk 00:11:35]} {[%emt 00:00:19]}
d5 {[%clk 00:29:23]} {[%emt 00:00:45]} 34. cxd5 {[%clk 00:11:42]} {[%emt
00:00:24]} Qxd5 {[%clk 00:29:37]} {[%emt 00:00:16]} 35. Qf2 {[%clk 00:11:55]}
{[%emt 00:00:16]} c4 {[%clk 00:29:13]} {[%emt 00:00:55]} 36. Qh4 {[%clk
00:12:03]} {[%emt 00:00:21]} Qe4 {[%clk 00:28:57]} {[%emt 00:00:45]} 37. Qd8+
{[%clk 00:12:00]} {[%emt 00:00:32]} Nf8 {[%clk 00:29:11]} {[%emt 00:00:17]} 38.
Rd1 {[%clk 00:12:07]} {[%emt 00:00:23]} Rb8 {[%clk 00:28:09]} {[%emt 00:01:32]}
39. Qf6 {[%clk 00:11:47]} {[%emt 00:00:50]} Rxc1 {[%clk 00:28:19]} {[%emt
00:00:21]} 40. Rxc1 {[%clk 00:11:56]} {[%emt 00:00:22]} Qe3+ {[%clk 00:28:43]}
{[%emt 00:00:05]} 41. Kh2 {[%clk 00:12:02]} {[%emt 00:00:24]} Qxc1 {[%clk
00:29:07]} {[%emt 00:00:07]} 42. h4 {[%clk 00:12:26]} {[%emt 00:00:06]} Qxc3
{[%clk 00:28:59]} {[%emt 00:00:38]} 43. h5 {[%clk 00:10:59]} {[%emt 00:01:56]}
gxh5 {[%clk 00:28:12]} {[%emt 00:01:17]} 44. Qg5+ {[%clk 00:11:09]} {[%emt
00:00:20]} Ng6 {[%clk 00:28:29]} {[%emt 00:00:13]} 45. Qxh5 {[%clk 00:11:30]}
{[%emt 00:00:09]} Qe3 {[%clk 00:28:35]} {[%emt 00:00:24]} 46. Qg5 {[%clk
00:11:39]} {[%emt 00:00:21]} Qxf4+ {[%clk 00:28:48]} {[%emt 00:00:18]} 47. Qxf4
{[%clk 00:11:44]} {[%emt 00:00:25]} Nxf4 {[%clk 00:29:12]} {[%emt 00:00:05]}
48. Kg3 {[%clk 00:12:07]} {[%emt 00:00:06]} c3 {[%clk 00:29:36]} {[%emt
00:00:06]} 49. Kxf4 {[%clk 00:12:33]} {[%emt 00:00:04]} c2 {[%clk 00:30:01]}
{[%emt 00:00:05]} 50. g4 {[%clk 00:12:56]} {[%emt 00:00:07]} c1=Q+ {[%clk
00:30:22]} {[%emt 00:00:10]} 51. Kg3 {[%clk 00:13:11]} {[%emt 00:00:14]} Rb3+
{[%clk 00:30:46]} {[%emt 00:00:07]} 52. Kh4 {[%clk 00:13:33]} {[%emt 00:00:08]}
Qh1+ {[%clk 00:31:03]} {[%emt 00:00:13]} 53. Kg5 {[%clk 00:13:57]} {[%emt
00:00:06]} h6+ {[%clk 00:31:22]} {[%emt 00:00:11]} 54. Kf6 {[%clk 00:14:22]}
{[%emt 00:00:06]} Qf3+ {[%clk 00:31:34]} {[%emt 00:00:18]} 55. Ke7 {[%clk
00:14:47]} {[%emt 00:00:06]} Rb7+ {[%clk 00:31:58]} {[%emt 00:00:06]} 56. Kd6
{[%clk 00:15:12]} {[%emt 00:00:05]} Qd5# {[%clk 00:32:09]} {[%emt 00:00:18]}
0-1

[Event "ODJM B 2024"]
[Site "Willingen GER"]
[Date "2024.05.23"]
[Round "7"]
[White "Oblender, Rudi"]
[Black "Golke, Philipp"]
[Result "1/2-1/2"]
[Termination "normal"]
[Board "39"]
[WhiteElo "1622"]
[BlackElo "1709"]
[WhiteClock "01:12:03"]
[BlackClock "00:32:21"]
[PlyCount "87"]
[WhiteFideId "34625089"]
[BlackFideId "34625259"]
[EventCountry "GER"]
[EventRounds "9"]
[EventType "swiss"]
[EventDate "2024.05.18"]

1. e4 {[%clk 01:30:59]} {[%emt 18:40:55]} d6 {[%clk 01:30:28]} {[%emt
00:00:32]} 2. Nc3 {[%clk 01:31:21]} {[%emt 00:00:08]} Nd7 {[%clk 01:30:48]}
{[%emt 00:00:10]} 3. g3 {[%clk 01:31:33]} {[%emt 00:00:17]} g6 {[%clk
01:31:13]} {[%emt 00:00:05]} 4. Bg2 {[%clk 01:32:01]} {[%emt 00:00:02]} Bg7
{[%clk 01:31:23]} {[%emt 00:00:20]} 5. Nge2 {[%clk 01:32:25]} {[%emt 00:00:06]}
e5 {[%clk 01:31:39]} {[%emt 00:00:14]} 6. d3 {[%clk 01:32:49]} {[%emt
00:00:06]} Ne7 {[%clk 01:31:54]} {[%emt 00:00:15]} 7. O-O {[%clk 01:33:01]}
{[%emt 00:00:18]} O-O {[%clk 01:31:16]} {[%emt 00:01:08]} 8. f4 {[%clk
01:27:56]} {[%emt 00:05:34]} f5 {[%clk 01:25:04]} {[%emt 00:06:43]} 9. Be3
{[%clk 01:23:38]} {[%emt 00:04:47]} Nb6 {[%clk 01:07:08]} {[%emt 00:18:26]} 10.
Nd5 {[%clk 01:20:35]} {[%emt 00:03:33]} Nexd5 {[%clk 01:04:13]} {[%emt
00:03:26]} 11. exd5 {[%clk 01:20:40]} {[%emt 00:00:24]} exf4 {[%clk 01:04:26]}
{[%emt 00:00:18]} 12. Nxf4 {[%clk 01:19:15]} {[%emt 00:01:55]} Bxb2 {[%clk
01:02:26]} {[%emt 00:02:31]} 13. Rb1 {[%clk 01:19:30]} {[%emt 00:00:14]} Bg7
{[%clk 01:02:01]} {[%emt 00:00:55]} 14. Ne6 {[%clk 01:19:54]} {[%emt 00:00:06]}
Bxe6 {[%clk 00:54:15]} {[%emt 00:08:16]} 15. dxe6 {[%clk 01:20:22]} {[%emt
00:00:02]} Re8 {[%clk 00:54:13]} {[%emt 00:00:32]} 16. Bxb6 {[%clk 01:20:45]}
{[%emt 00:00:07]} axb6 {[%clk 00:54:34]} {[%emt 00:00:10]} 17. Bxb7 {[%clk
01:20:45]} {[%emt 00:00:30]} Ra5 {[%clk 00:51:08]} {[%emt 00:03:56]} 18. Re1
{[%clk 01:17:30]} {[%emt 00:03:45]} Kh8 {[%clk 00:47:00]} {[%emt 00:04:38]} 19.
d4 {[%clk 01:13:52]} {[%emt 00:04:07]} d5 {[%clk 00:41:11]} {[%emt 00:06:20]}
20. Bc6 {[%clk 01:13:54]} {[%emt 00:00:27]} Re7 {[%clk 00:40:51]} {[%emt
00:00:51]} 21. Rb5 {[%clk 01:13:53]} {[%emt 00:00:31]} Rxb5 {[%clk 00:37:30]}
{[%emt 00:03:51]} 22. Bxb5 {[%clk 01:14:21]} {[%emt 00:00:02]} Qd6 {[%clk
00:37:00]} {[%emt 00:01:01]} 23. c3 {[%clk 01:10:05]} {[%emt 00:04:46]} Rxe6
{[%clk 00:29:40]} {[%emt 00:07:50]} 24. Rxe6 {[%clk 01:09:35]} {[%emt
00:00:59]} Qxe6 {[%clk 00:30:02]} {[%emt 00:00:08]} 25. Qe2 {[%clk 01:09:59]}
{[%emt 00:00:06]} Qxe2 {[%clk 00:28:46]} {[%emt 00:01:46]} 26. Bxe2 {[%clk
01:10:27]} {[%emt 00:00:01]} c5 {[%clk 00:28:56]} {[%emt 00:00:20]} 27. dxc5
{[%clk 01:10:47]} {[%emt 00:00:10]} bxc5 {[%clk 00:29:22]} {[%emt 00:00:05]}
28. c4 {[%clk 01:11:12]} {[%emt 00:00:05]} dxc4 {[%clk 00:29:17]} {[%emt
00:00:36]} 29. Bxc4 {[%clk 01:11:40]} {[%emt 00:00:02]} Bc3 {[%clk 00:29:25]}
{[%emt 00:00:22]} 30. a4 {[%clk 01:11:51]} {[%emt 00:00:19]} Kg7 {[%clk
00:29:50]} {[%emt 00:00:04]} 31. Kf2 {[%clk 01:12:01]} {[%emt 00:00:20]} Kf6
{[%clk 00:30:16]} {[%emt 00:00:05]} 32. Ke3 {[%clk 01:12:24]} {[%emt 00:00:07]}
Ke5 {[%clk 00:30:24]} {[%emt 00:00:22]} 33. Kd3 {[%clk 01:12:45]} {[%emt
00:00:08]} Bb4 {[%clk 00:30:40]} {[%emt 00:00:14]} 34. Bg8 {[%clk 01:13:05]}
{[%emt 00:00:09]} h6 {[%clk 00:30:57]} {[%emt 00:00:14]} 35. Kc4 {[%clk
01:13:32]} {[%emt 00:00:03]} g5 {[%clk 00:30:41]} {[%emt 00:00:46]} 36. Kb5
{[%clk 01:11:34]} {[%emt 00:02:27]} Kd4 {[%clk 00:30:53]} {[%emt 00:00:17]} 37.
a5 {[%clk 01:10:35]} {[%emt 00:01:29]} Bxa5 {[%clk 00:31:18]} {[%emt 00:00:05]}
38. Kxa5 {[%clk 01:11:02]} {[%emt 00:00:04]} c4 {[%clk 00:31:41]} {[%emt
00:00:07]} 39. Kb4 {[%clk 01:11:30]} {[%emt 00:00:01]} c3 {[%clk 00:32:03]}
{[%emt 00:00:08]} 40. Kb3 {[%clk 01:11:45]} {[%emt 00:00:15]} f4 {[%clk
00:32:27]} {[%emt 00:00:06]} 41. gxf4 {[%clk 01:10:38]} {[%emt 00:01:37]} gxf4
{[%clk 00:31:54]} {[%emt 00:01:03]} 42. Kc2 {[%clk 01:11:06]} {[%emt 00:00:03]}
f3 {[%clk 00:32:09]} {[%emt 00:00:14]} 43. Be6 {[%clk 01:11:35]} {[%emt
00:00:01]} f2 {[%clk 00:32:21]} {[%emt 00:00:18]} 44. Bh3 {[%clk 01:12:03]}
{[%emt 00:00:01]} 1/2-1/2

[Event "ODJM B 2024"]
[Site "Willingen GER"]
[Date "2024.05.23"]
[Round "7"]
[White "Lohrmann, Linus"]
[Black "Mahr, Thorben"]
[Result "0-1"]
[Termination "normal"]
[Board "40"]
[WhiteElo "1621"]
[BlackElo "1496"]
[WhiteClock "00:35:11"]
[BlackClock "01:21:50"]
[PlyCount "58"]
[WhiteFideId "12982857"]
[BlackFideId "34699589"]
[EventCountry "GER"]
[EventRounds "9"]
[EventType "swiss"]
[EventDate "2024.05.18"]

1. e4 {[%clk 01:30:58]} {[%emt 00:00:01]} e5 {[%clk 01:30:58]} {[%emt
00:00:03]} 2. Nf3 {[%clk 01:31:24]} {[%emt 00:00:03]} Nc6 {[%clk 01:31:25]}
{[%emt 00:00:03]} 3. d4 {[%clk 01:31:50]} {[%emt 00:00:03]} exd4 {[%clk
01:31:44]} {[%emt 00:00:12]} 4. Bc4 {[%clk 01:32:16]} {[%emt 00:00:04]} Be7
{[%clk 01:29:52]} {[%emt 00:02:21]} 5. Nxd4 {[%clk 01:29:02]} {[%emt 00:03:44]}
Ne5 {[%clk 01:27:55]} {[%emt 00:02:28]} 6. Bb3 {[%clk 01:28:31]} {[%emt
00:01:01]} Nf6 {[%clk 01:27:44]} {[%emt 00:00:41]} 7. Nc3 {[%clk 01:27:16]}
{[%emt 00:01:45]} Bc5 {[%clk 01:27:08]} {[%emt 00:01:04]} 8. Bg5 {[%clk
01:24:38]} {[%emt 00:03:08]} h6 {[%clk 01:26:59]} {[%emt 00:00:39]} 9. Bh4
{[%clk 01:23:54]} {[%emt 00:01:14]} d6 {[%clk 01:26:30]} {[%emt 00:00:58]} 10.
Qd2 {[%clk 01:08:09]} {[%emt 00:16:16]} Nxe4 {[%clk 01:23:07]} {[%emt
00:03:54]} 11. Nxe4 {[%clk 00:59:21]} {[%emt 00:09:17]} Qxh4 {[%clk 01:23:13]}
{[%emt 00:00:21]} 12. Nxc5 {[%clk 00:56:32]} {[%emt 00:03:23]} dxc5 {[%clk
01:23:29]} {[%emt 00:00:15]} 13. Ne2 {[%clk 00:56:39]} {[%emt 00:00:22]} O-O
{[%clk 01:22:04]} {[%emt 00:01:54]} 14. O-O-O {[%clk 00:55:58]} {[%emt
00:01:12]} Qxf2 {[%clk 01:21:07]} {[%emt 00:01:27]} 15. Rhg1 {[%clk 00:49:13]}
{[%emt 00:07:14]} a6 {[%clk 01:20:17]} {[%emt 00:01:20]} 16. c3 {[%clk
00:47:00]} {[%emt 00:02:42]} Bg4 {[%clk 01:19:25]} {[%emt 00:01:23]} 17. h3
{[%clk 00:40:53]} {[%emt 00:06:37]} Bxe2 {[%clk 01:19:38]} {[%emt 00:00:17]}
18. Rde1 {[%clk 00:41:17]} {[%emt 00:00:06]} Nd3+ {[%clk 01:19:45]} {[%emt
00:00:23]} 19. Kb1 {[%clk 00:40:45]} {[%emt 00:01:02]} Nxe1 {[%clk 01:20:02]}
{[%emt 00:00:13]} 20. Rxe1 {[%clk 00:40:29]} {[%emt 00:00:46]} Rfe8 {[%clk
01:20:07]} {[%emt 00:00:26]} 21. Bc4 {[%clk 00:40:32]} {[%emt 00:00:26]} Rad8
{[%clk 01:20:21]} {[%emt 00:00:16]} 22. Qxd8 {[%clk 00:33:02]} {[%emt
00:08:00]} Qxe1+ {[%clk 01:20:33]} {[%emt 00:00:19]} 23. Kc2 {[%clk 00:33:24]}
{[%emt 00:00:07]} Rxd8 {[%clk 01:20:46]} {[%emt 00:00:17]} 24. Bxe2 {[%clk
00:33:40]} {[%emt 00:00:14]} Qxe2+ {[%clk 01:21:02]} {[%emt 00:00:15]} 25. Kb3
{[%clk 00:34:03]} {[%emt 00:00:06]} b5 {[%clk 01:21:18]} {[%emt 00:00:14]} 26.
a3 {[%clk 00:34:13]} {[%emt 00:00:21]} c4+ {[%clk 01:21:28]} {[%emt 00:00:20]}
27. Kb4 {[%clk 00:34:36]} {[%emt 00:00:07]} Qxb2+ {[%clk 01:21:16]} {[%emt
00:00:41]} 28. Kc5 {[%clk 00:34:57]} {[%emt 00:00:09]} Rd6 {[%clk 01:21:30]}
{[%emt 00:00:16]} 29. g4 {[%clk 00:35:11]} {[%emt 00:00:16]} Qxa3# {[%clk
01:21:50]} {[%emt 00:00:11]} 0-1

[Event "ODJM B 2024"]
[Site "Willingen GER"]
[Date "2024.05.23"]
[Round "7"]
[White "Tabales, Lennart"]
[Black "Jung, Marcel"]
[Result "1/2-1/2"]
[Termination "normal"]
[Board "41"]
[WhiteElo "1587"]
[BlackElo "1709"]
[WhiteClock "00:17:11"]
[BlackClock "00:57:08"]
[PlyCount "63"]
[WhiteFideId "34604057"]
[BlackFideId "34673881"]
[EventCountry "GER"]
[EventRounds "9"]
[EventType "swiss"]
[EventDate "2024.05.18"]

1. e4 {[%clk 01:30:59]} e5 {[%clk 01:30:53]} {[%emt 00:00:07]} 2. f4 {[%clk
01:31:14]} {[%emt 00:00:16]} d5 {[%clk 01:31:11]} {[%emt 00:00:11]} 3. exd5
{[%clk 01:31:34]} {[%emt 00:00:11]} c6 {[%clk 01:31:25]} {[%emt 00:00:15]} 4.
dxc6 {[%clk 01:29:22]} {[%emt 00:02:42]} Nxc6 {[%clk 01:31:49]} {[%emt
00:00:06]} 5. Nc3 {[%clk 01:28:55]} {[%emt 00:00:57]} exf4 {[%clk 01:31:46]}
{[%emt 00:00:33]} 6. Nf3 {[%clk 01:28:57]} {[%emt 00:00:27]} Nf6 {[%clk
01:31:54]} {[%emt 00:00:22]} 7. Bb5 {[%clk 01:28:05]} {[%emt 00:01:22]} Bd6
{[%clk 01:29:28]} {[%emt 00:02:57]} 8. Qe2+ {[%clk 01:21:17]} {[%emt 00:07:17]}
Be6 {[%clk 01:29:42]} {[%emt 00:00:15]} 9. Nd4 {[%clk 01:19:27]} {[%emt
00:02:18]} O-O {[%clk 01:23:12]} {[%emt 00:07:03]} 10. Nxe6 {[%clk 01:10:14]}
{[%emt 00:09:43]} fxe6 {[%clk 01:23:30]} {[%emt 00:00:12]} 11. Bxc6 {[%clk
01:06:06]} {[%emt 00:04:38]} bxc6 {[%clk 01:17:27]} {[%emt 00:06:32]} 12. d3
{[%clk 01:01:38]} {[%emt 00:04:58]} Nd5 {[%emt 00:01:41]} 13. Ne4 {[%clk
00:54:01]} {[%emt 00:08:06]} Qh4+ {[%clk 01:13:02]} {[%emt 00:03:44]} 14. Qf2
{[%clk 00:53:00]} {[%emt 00:01:32]} Bb4+ {[%clk 01:10:27]} {[%emt 00:03:04]}
15. c3 {[%clk 00:52:32]} {[%emt 00:00:58]} Qxf2+ {[%clk 01:10:06]} {[%emt
00:00:51]} 16. Kxf2 {[%clk 00:52:55]} {[%emt 00:00:06]} Ba5 {[%clk 01:10:31]}
{[%emt 00:00:05]} 17. Bd2 {[%clk 00:51:05]} {[%emt 00:02:21]} Bb6+ {[%clk
01:09:30]} {[%emt 00:01:31]} 18. Kf3 {[%clk 00:45:46]} {[%emt 00:05:49]} Be3
{[%clk 01:08:36]} {[%emt 00:01:23]} 19. Bxe3 {[%clk 00:42:31]} {[%emt
00:03:45]} fxe3+ {[%clk 01:06:34]} {[%emt 00:02:32]} 20. Ke2 {[%clk 00:42:13]}
{[%emt 00:00:48]} Nf4+ {[%clk 01:06:51]} {[%emt 00:00:13]} 21. Kxe3 {[%clk
00:42:08]} {[%emt 00:00:35]} Nxg2+ {[%clk 01:07:11]} {[%emt 00:00:10]} 22. Kd2
{[%clk 00:42:01]} {[%emt 00:00:37]} Rad8 {[%clk 01:07:10]} {[%emt 00:00:31]}
23. Rhg1 {[%clk 00:38:22]} {[%emt 00:04:09]} Nh4 {[%clk 01:06:24]} {[%emt
00:01:16]} 24. Kc2 {[%clk 00:34:55]} {[%emt 00:03:57]} Rf3 {[%clk 01:03:59]}
{[%emt 00:02:55]} 25. Ng5 {[%clk 00:29:53]} {[%emt 00:05:32]} Rf2+ {[%clk
01:02:20]} {[%emt 00:02:09]} 26. Kb3 {[%clk 00:30:08]} {[%emt 00:00:15]} Rxd3
{[%clk 00:59:31]} {[%emt 00:03:19]} 27. Nxe6 {[%clk 00:30:00]} {[%emt
00:00:38]} g6 {[%clk 00:58:34]} {[%emt 00:01:27]} 28. Rgf1 {[%clk 00:29:04]}
{[%emt 00:01:27]} Rdf3 {[%clk 00:57:46]} {[%emt 00:01:17]} 29. Rxf2 {[%clk
00:26:53]} {[%emt 00:02:42]} Rxf2 {[%clk 00:58:05]} {[%emt 00:00:11]} 30. Rh1
{[%clk 00:26:41]} {[%emt 00:00:41]} Nf3 {[%clk 00:57:58]} {[%emt 00:00:37]} 31.
h4 {[%clk 00:18:32]} {[%emt 00:08:40]} Nd2+ {[%clk 00:57:08]} {[%emt 00:01:21]}
32. Kb4 {[%clk 00:17:11]} 1/2-1/2

[Event "ODJM B 2024"]
[Site "Willingen GER"]
[Date "2024.05.23"]
[Round "7"]
[White "Ottlik, Marie"]
[Black "Kühne, Malin"]
[Result "1/2-1/2"]
[Termination "normal"]
[Board "42"]
[WhiteElo "1640"]
[BlackElo "1546"]
[WhiteClock "00:21:05"]
[BlackClock "00:19:15"]
[PlyCount "90"]
[WhiteFideId "16281730"]
[BlackFideId "34619747"]
[EventCountry "GER"]
[EventRounds "9"]
[EventType "swiss"]
[EventDate "2024.05.18"]

1. e4 {[%clk 01:30:57]} {[%emt 00:00:02]} c6 {[%clk 01:30:56]} {[%emt
00:00:05]} 2. d4 {[%clk 01:31:22]} {[%emt 00:00:05]} d5 {[%clk 01:31:21]}
{[%emt 00:00:05]} 3. exd5 {[%clk 01:31:46]} {[%emt 00:00:06]} cxd5 {[%clk
01:31:44]} {[%emt 00:00:07]} 4. Bd3 {[%clk 01:32:11]} {[%emt 00:00:05]} Nc6
{[%clk 01:32:08]} {[%emt 00:00:06]} 5. c3 {[%clk 01:32:36]} {[%emt 00:00:05]}
g6 {[%clk 01:32:13]} {[%emt 00:00:25]} 6. Bf4 {[%clk 01:29:23]} {[%emt
00:03:43]} Bh6 {[%clk 01:31:43]} {[%emt 00:01:00]} 7. Qc1 {[%clk 01:19:53]}
{[%emt 00:10:00]} Bxf4 {[%clk 01:31:14]} {[%emt 00:00:58]} 8. Qxf4 {[%clk
01:20:16]} {[%emt 00:00:07]} Nf6 {[%clk 01:26:39]} {[%emt 00:05:05]} 9. h3
{[%clk 01:14:19]} {[%emt 00:06:27]} h5 {[%clk 01:10:51]} {[%emt 00:16:18]} 10.
Nf3 {[%clk 01:09:56]} {[%emt 00:04:53]} Kf8 {[%clk 01:06:59]} {[%emt 00:04:22]}
11. Nbd2 {[%clk 01:01:34]} {[%emt 00:08:52]} Kg7 {[%clk 01:01:39]} {[%emt
00:05:49]} 12. Ne5 {[%clk 00:54:34]} {[%emt 00:07:31]} Nxe5 {[%clk 00:52:24]}
{[%emt 00:09:46]} 13. dxe5 {[%clk 00:51:46]} {[%emt 00:03:18]} Nh7 {[%clk
00:51:33]} {[%emt 00:01:20]} 14. Nf3 {[%clk 00:50:10]} {[%emt 00:02:05]} Be6
{[%clk 00:44:30]} {[%emt 00:07:29]} 15. O-O {[%clk 00:43:45]} {[%emt 00:06:59]}
Qd7 {[%clk 00:42:09]} {[%emt 00:02:51]} 16. Kh2 {[%clk 00:31:20]} {[%emt
00:12:55]} Bf5 {[%clk 00:36:23]} {[%emt 00:06:16]} 17. Bxf5 {[%clk 00:25:57]}
{[%emt 00:05:53]} Qxf5 {[%clk 00:35:22]} {[%emt 00:01:31]} 18. Qxf5 {[%clk
00:25:37]} {[%emt 00:00:50]} gxf5 {[%clk 00:35:44]} {[%emt 00:00:08]} 19. Rad1
{[%clk 00:25:27]} {[%emt 00:00:40]} e6 {[%clk 00:35:03]} {[%emt 00:01:11]} 20.
Rd4 {[%clk 00:22:19]} {[%emt 00:03:38]} Rhc8 {[%clk 00:28:49]} {[%emt
00:06:42]} 21. Rb4 {[%clk 00:20:46]} {[%emt 00:02:04]} Rab8 {[%clk 00:26:57]}
{[%emt 00:02:21]} 22. Nd4 {[%clk 00:18:46]} {[%emt 00:02:31]} a6 {[%clk
00:25:05]} {[%emt 00:02:21]} 23. Rb6 {[%clk 00:17:59]} {[%emt 00:01:18]} Nf8
{[%clk 00:24:17]} {[%emt 00:01:18]} 24. Rd6 {[%clk 00:16:21]} {[%emt 00:02:08]}
Rd8 {[%clk 00:22:14]} {[%emt 00:02:32]} 25. Rxd8 {[%clk 00:15:11]} {[%emt
00:01:40]} Rxd8 {[%clk 00:22:39]} {[%emt 00:00:05]} 26. Rd1 {[%clk 00:11:40]}
{[%emt 00:04:01]} Rc8 {[%clk 00:20:21]} {[%emt 00:02:48]} 27. Kg3 {[%clk
00:10:31]} {[%emt 00:01:39]} Ng6 {[%clk 00:18:49]} {[%emt 00:02:03]} 28. f4
{[%clk 00:08:40]} {[%emt 00:02:20]} Rc4 {[%clk 00:17:31]} {[%emt 00:01:47]} 29.
Rc1 {[%clk 00:06:25]} {[%emt 00:02:46]} b5 {[%clk 00:15:33]} {[%emt 00:02:28]}
30. b3 {[%clk 00:04:44]} {[%emt 00:02:12]} Rc8 {[%clk 00:15:04]} {[%emt
00:00:59]} 31. h4 {[%clk 00:02:43]} {[%emt 00:02:32]} Nf8 {[%clk 00:14:16]}
{[%emt 00:01:18]} 32. Kf3 {[%clk 00:03:06]} {[%emt 00:00:07]} Nd7 {[%clk
00:13:26]} {[%emt 00:01:20]} 33. Ne2 {[%clk 00:02:12]} {[%emt 00:01:24]} Kg6
{[%clk 00:11:05]} {[%emt 00:02:50]} 34. Ke3 {[%clk 00:02:20]} {[%emt 00:00:22]}
Rc7 {[%clk 00:06:38]} {[%emt 00:04:56]} 35. Kd4 {[%clk 00:02:13]} {[%emt
00:00:38]} Nb6 {[%clk 00:04:56]} {[%emt 00:02:12]} 36. Ng3 {[%clk 00:01:47]}
{[%emt 00:00:57]} Rc8 {[%clk 00:03:20]} {[%emt 00:02:06]} 37. Nf1 {[%clk
00:02:05]} {[%emt 00:00:11]} Rc7 {[%clk 00:01:30]} {[%emt 00:02:20]} 38. Ne3
{[%clk 00:02:24]} {[%emt 00:00:11]} a5 {[%clk 00:01:03]} {[%emt 00:00:58]} 39.
Kd3 {[%clk 00:01:46]} {[%emt 00:01:08]} Rc8 {[%clk 00:01:12]} {[%emt 00:00:21]}
40. Kd4 {[%clk 00:02:11]} {[%emt 00:00:05]} Rc7 {[%clk 00:01:32]} {[%emt
00:00:10]} 41. Rc2 {[%clk 00:26:27]} {[%emt 00:06:13]} a4 {[%clk 00:22:21]}
{[%emt 00:09:43]} 42. c4 {[%clk 00:21:51]} {[%emt 00:05:05]} axb3 {[%clk
00:21:20]} {[%emt 00:01:31]} 43. axb3 {[%clk 00:20:54]} {[%emt 00:01:28]} bxc4
{[%clk 00:19:40]} {[%emt 00:02:10]} 44. bxc4 {[%clk 00:21:07]} {[%emt
00:00:18]} dxc4 {[%clk 00:19:15]} {[%emt 00:00:54]} 45. Nxc4 {[%clk 00:21:05]}
{[%emt 00:00:32]} Nd5 {[%emt 00:11:14]} 1/2-1/2